| 000 | 00996nas a2200301 4500 | ||
|---|---|---|---|
| 001 | BR2012003215 | ||
| 003 | BR-BrBNA | ||
| 005 | 20231205120719.0 | ||
| 007 | ta | ||
| 008 | 230509b bl.|||p| |||| 00| 00por d | ||
| 040 |
_aBR-BrBNA _bpor _cBiblioteca Nacional de Agricultura |
||
| 041 | _a(Pt) | ||
| 072 | _aP40; L01 | ||
| 100 | 1 | _aLeite, J.R. de S. | |
| 100 | 1 | _aFurtado, D.A. | |
| 100 | 1 | _aLeal, A.F. | |
| 100 | 1 | _aSouza, B.B. | |
| 100 | 1 | _aSilva, A.S. da | |
| 245 | 1 | _aInfluência de fatores bioclimáticos nos índices produtivos e fisiológicos de caprinos nativos confinados | |
| 650 | _aPRODUÇÃO ANIMAL | ||
| 650 | _aCONFINAMENTO | ||
| 650 | _aPRODUTIVIDADE | ||
| 650 | _aCLIMATOLOGIA | ||
| 773 | 0 |
_tRevista Brasileira de Engenharia Agrícola e Ambiental (Brazil) _xISSN 1807-1929 _g(Apr 2012), v.16(4) p. 443-448 _wBR2012003215 |
|
| 856 | 4 | 0 | _uhttp://www.agriambi.com.br/revista/v16n04/v16n04a15.pdf |
| 909 |
_a202311 _bLúcia _c55 _dLúcia Elande |
||
| 942 |
_2AGRIS _n0 _cANA |
||
| 999 |
_c219913 _d219913 |
||